000 00345nam a2200133Ia 4500
100 _aNewcomer/L.R
942 _cBK
654 _aProgramming With Structured Cobal
245 _aTheory & Problem Of Programming With Structured Cobal
260 _bMcGraw Hill.( Schaum''s)
_aNew York
_c1986
082 _a1.6
300 _a210
546 _aENGLISH
999 _c32438
_d32438